[Event "EU-ch Online U2300 Qual"]
[Site "Chess.com INT"]
[Date "2020.05.25"]
[Round "4"]
[White "Nandrean, Dan"]
[Black "Lymar, Vladislav"]
[Result "1/2-1/2"]
[WhiteElo "2173"]
[BlackElo "2159"]
[PlyCount "104"]
[EventDate "2020.05.25"]
[EventType "swiss"]
[EventRounds "8"]
[EventCountry "NET"]
[SourceTitle "EXT 2021"]
[Source "ChessBase"]
[SourceDate "2020.10.23"]
[SourceVersion "1"]
[SourceVersionDate "2020.10.23"]
[SourceQuality "1"]

1. e4 c5 2. Nf3 Nc6 3. d4 cxd4 4. Nxd4 e5 5. Nb5 d6 6. a4 Nf6 7. N1c3 Be6 8. Bg5 a6 9. Na3 Be7 10. Bc4 0-0 11. Bxf6 Bxf6 12. Nd5 Bg5 13. c3 g6 14. 0-0 Ne7 15. Qd3 Kh8 16. Rad1 Bxd5 17. Bxd5 Qc7 18. Nc4 Rad8 19. a5 f5 20. f3 fxe4 21. fxe4 Bf4 22. g3 Bg5 23. Kg2 Kg7 24. Nb6 Qc5 25. b4 Qc7 26. Rxf8 Rxf8 27. Rf1 Rxf1 28. Qxf1 Nxd5 29. Nxd5 Qd7 30. h4 Bd8 31. Qe2 h5 32. Qc4 g5 33. hxg5 Bxg5 34. Qc7 Qxc7 35. Nxc7 Kf7 36. Nd5 Ke6 37. Kf3 Bc1 38. g4 hxg4+ 39. Kxg4 Bd2 40. Kf3 Bc1 41. Ke2 Kd7 42. Kd3 Kc6 43. Kc4 Bd2 44. Kb3 Be1 45. c4 Bf2 46. Ka4 Kd7 47. b5 Bg1 48. bxa6 bxa6 49. Nb4 Kc7 50. Nxa6+ Kc6 51. Nb4+ Kc5 52. Kb3 Kd4 1/2-1/2